[Event "FSV-ch 2013"]
[Site "Dortmund"]
[Date "2013.06.20"]
[Round "9.17"]
[White "Böckmann, Lieselotte"]
[Black "Jentzsch, Werner Wilfried"]
[Result "0-1"]
[WhiteElo "998"]
[BlackElo "1387"]
[PlyCount "118"]
[EventDate "2013.??.??"]

1. c4 c5 2. Nc3 e5 3. e4 Nf6 4. d3 Nc6 5. Be2 h6 6. Nf3 Bd6 7. O-O a6 8. b3 Nd4
9. Nxd4 cxd4 10. Nd5 Nxd5 11. cxd5 O-O 12. Bd2 f5 13. Bh5 f4 14. Rc1 Be7 15.
Qe1 d6 16. Kh1 Rf6 17. Be2 Qf8 18. Rg1 f3 19. gxf3 Rxf3 20. Bxh6 Kh7 21. Bxg7
Qf4 22. Bxf3 Qxf3+ 23. Rg2 Bh3 24. Qg1 Bxg2+ 25. Qxg2 Qxg2+ 26. Kxg2 Kxg7 27.
Rc7 Kf6 28. Rxb7 Bd8 29. f3 Rc8 30. Kg3 Rc3 31. Rb8 Ke7 32. Rb7+ Kf6 33. Rb8
Be7 34. Rh8 Rxd3 35. Rh6+ Kg7 36. Rh3 Rd2 37. a3 d3 38. f4 exf4+ 39. Kxf4 Rf2+
40. Ke3 d2 41. Rg3+ Kf7 42. Rg1 Rxh2 43. Rd1 Bg5+ 44. Kd3 Rh3+ 45. Kc2 Rf3 46.
a4 Rf2 47. b4 Re2 48. Kd3 Re1 49. Rxd2 Bxd2 50. Kxd2 Rxe4 51. Kc3 a5 52. b5
Rxa4 53. Kb3 Rb4+ 54. Ka3 Kf6 55. b6 Ke5 56. b7 Kxd5 57. b8=Q Rxb8 58. Ka4 Kc5
59. Kxa5 Ra8# 0-1

[Event "FSV-ch 2013"]
[Site "Dortmund"]
[Date "2013.06.20"]
[Round "9.18"]
[White "Winkler, Harald"]
[Black "Herrmann, Rudolf"]
[Result "1-0"]
[WhiteElo "1335"]
[BlackElo "1314"]
[PlyCount "117"]
[EventDate "2013.??.??"]

1. d4 d5 2. Nc3 Nf6 3. Bf4 Bf5 4. Nf3 c6 5. Nd2 e6 6. f3 h6 7. e4 dxe4 8. Ndxe4
Be7 9. Qd3 Nxe4 10. fxe4 Bg6 11. O-O-O O-O 12. h4 Bh5 13. Be2 Bxe2 14. Qxe2 Nd7
15. g4 Bxh4 16. Qg2 g5 17. Bg3 Nb6 18. Bxh4 gxh4 19. Qh3 Nc4 20. b3 Na3 21.
Qxh4 Qxh4 22. Rxh4 Kg7 23. Rh5 Rh8 24. Kb2 Nb5 25. Nxb5 cxb5 26. Rxb5 b6 27. e5
Rad8 28. c4 Rd7 29. c5 Rd5 30. a4 bxc5 31. Rxc5 Rhd8 32. Rxd5 Rxd5 33. Kc3 f6
34. Re1 Kg6 35. Re4 fxe5 36. dxe5 Kg5 37. b4 Rd1 38. b5 Rg1 39. a5 Ra1 40. Kb4
Rb1+ 41. Kc5 Ra1 42. a6 Kg6 43. Kc6 Rb1 44. Kc5 Kf7 45. Rb4 Rc1+ 46. Kd6 Rd1+
47. Kc7 Ke7 48. Kb7 Rd7+ 49. Kb8 Kd8 50. Rc4 Rd5 51. Rc8+ Ke7 52. Rc7+ Ke8 53.
Rb7 Rxe5 54. Kxa7 Rd5 55. b6 Rd6 56. Rb8+ Ke7 57. b7 Rd7 58. Rh8 Kd6 59. Kb6
1-0

[Event "FSV-ch 2013"]
[Site "Dortmund"]
[Date "2013.06.20"]
[Round "9.19"]
[White "Pauli, Helmut"]
[Black "Heinz, Hans-Werner"]
[Result "0-1"]
[WhiteElo "1191"]
[BlackElo "1190"]
[PlyCount "89"]
[EventDate "2013.??.??"]

1. d4 d5 2. c4 Nf6 3. Nc3 e6 4. e3 Be7 5. Nf3 O-O 6. Be2 a6 7. O-O h6 8. h3 c6
9. cxd5 exd5 10. Ne5 Bd6 11. Nd3 Qc7 12. Nc5 Bh2+ 13. Kh1 Bd6 14. Bf3 Bf5 15.
e4 dxe4 16. N3xe4 Be7 17. Qb3 b6 18. Nxf6+ Bxf6 19. Na4 b5 20. Nc3 Nd7 21. Be3
Rad8 22. Rfd1 Rde8 23. Rac1 Nb8 24. Nd5 Qd6 25. Nxf6+ Qxf6 26. Qc3 Rc8 27. Bf4
Bd7 28. Qc5 Qxf4 29. Qa7 Bxh3 30. Qc5 Bd7 31. Rc3 Qf6 32. g3 g6 33. Kg2 Rfe8
34. Rh1 Kg7 35. Rh4 g5 36. Rh2 Bf5 37. Bh5 Be4+ 38. f3 Bd5 39. Rc2 Re3 40. Rf2
Rce8 41. Qc1 Qxd4 42. Kh3 Be6+ 43. g4 Bd5 44. Kg2 Re2 45. Kh3 0-1

[Event "FSV-ch 2013"]
[Site "Dortmund"]
[Date "2013.06.20"]
[Round "9.20"]
[White "Sobottka, Hans-Gerald"]
[Black "Wangrin, Stefan A"]
[Result "1/2-1/2"]
[WhiteElo "878"]
[BlackElo "1172"]
[PlyCount "93"]
[EventDate "2013.??.??"]

1. e4 c5 2. Nf3 Nc6 3. d4 e6 4. d5 exd5 5. exd5 Qe7+ 6. Be3 Ne5 7. d6 Nxf3+ 8.
Qxf3 Qxd6 9. Bc4 Qf6 10. Qxf6 Nxf6 11. O-O d5 12. Bb5+ Bd7 13. Bxd7+ Nxd7 14.
Re1 O-O-O 15. Bg5 f6 16. Bh4 g5 17. Bg3 Bg7 18. Nc3 Ne5 19. f4 gxf4 20. Bxf4
Kc7 21. Nb5+ Kb6 22. a4 a6 23. Na3 h5 24. Bd2 Bh6 25. a5+ Kc6 26. Bxh6 Rxh6 27.
Re3 Rg6 28. Rb3 Nc4 29. Nxc4 dxc4 30. Rb6+ Kc7 31. Re1 Kc8 32. Re7 Rd7 33. Rxd7
Kxd7 34. Rxb7+ Kc6 35. Rb6+ Kd5 36. Rxa6 h4 37. h3 c3 38. b3 Ke5 39. Rb6 Rg8
40. a6 Ra8 41. Kf1 f5 42. Ke2 Kf4 43. Kf2 {(=)} 43... Ra7 44. b4 cxb4 45. Rxb4+
Kg5 46. Ra4 f4 47. Kf3 {(=)} 1/2-1/2

[Event "FSV-ch 2013"]
[Site "Dortmund"]
[Date "2013.06.20"]
[Round "9.21"]
[White "Schmidt, Andreas N"]
[Black "Reker, Gerhard"]
[Result "1/2-1/2"]
[WhiteElo "919"]
[BlackElo "914"]
[PlyCount "54"]
[EventDate "2013.??.??"]

1. e4 e5 2. d4 exd4 3. c3 dxc3 4. Bc4 cxb2 5. Bxb2 Qe7 6. e5 Qb4+ 7. Nc3 Qxb2
8. Rb1 Qxc3+ 9. Kf1 Qxc4+ 10. Ne2 Qxa2 11. g3 Nc6 12. Kg2 Nxe5 13. Nc3 Qc4 14.
Rc1 Bd6 15. Re1 Nf6 16. f4 Qc6+ 17. Kf1 Bb4 18. Rxe5+ Kd8 19. Nd5 Nxd5 20. Rxc6
bxc6 21. Qg4 d6 22. Qxg7 Ba6+ 23. Kg2 Kd7 24. Qxf7+ Kc8 25. Re8+ Rxe8 26. Qxe8+
Kb7 27. Qe4 h5 1/2-1/2